Statistics for Continents Quiz #1

Click here to take the quiz!

General Stats

  • This quiz has been taken 12 times
  • The average score is 135 of 150

Answer Stats

QuestionTileSelect% Correct
Which countries are from North America?AndorraNo
100%
Which countries are from North America?ArmeniaNo
100%
Which countries are from North America?AzerbaijanNo
100%
Which countries are from North America?ComorosNo
100%
Which countries are from North America?EgyptNo
100%
Which countries are from North America?GeorgiaNo
100%
Which countries are from North America?IsraelNo
100%
Which countries are from North America?MalawiNo
100%
Which countries are from North America?MaltaNo
100%
Which countries are from North America?MauritiusNo
100%
Which countries are from North America?MicronesiaNo
100%
Which countries are from North America?MonacoNo
100%
Which countries are from North America?Papua New GuineaNo
100%
Which countries are from North America?Saint LuciaYes
100%
Which countries are from North America?San MarinoNo
100%
Which countries are from North America?SeychellesNo
100%
Which countries are from North America?TongaNo
100%
Which countries are from North America?TurkeyNo
100%
Which countries are from South America?AndorraNo
92%
Which countries are from Asia?AndorraNo
92%
Which countries are from Africa?AndorraNo
92%
Which countries are from South America?ArmeniaNo
92%
Which countries are from Africa?ArmeniaNo
92%
Which countries are from South America?AzerbaijanNo
92%
Which countries are from Africa?AzerbaijanNo
92%
Which countries are from North America?BelizeYes
92%
Which countries are from Asia?BelizeNo
92%
Which countries are from Africa?BelizeNo
92%
Which countries are from Europe?BelizeNo
92%
Which countries are from South America?BelizeNo
92%
Which countries are from Africa?BoliviaNo
92%
Which countries are from Europe?BoliviaNo
92%
Which countries are from North America?BoliviaNo
92%
Which countries are from Asia?BoliviaNo
92%
Which countries are from South America?ComorosNo
92%
Which countries are from Europe?ComorosNo
92%
Which countries are from Asia?ComorosNo
92%
Which countries are from South America?EgyptNo
92%
Which countries are from Europe?EgyptNo
92%
Which countries are from Africa?EgyptYes
92%
Which countries are from Africa?GeorgiaNo
92%
Which countries are from South America?GeorgiaNo
92%
Which countries are from Europe?GuatemalaNo
92%
Which countries are from Asia?GuatemalaNo
92%
Which countries are from Africa?GuatemalaNo
92%
Which countries are from North America?GuatemalaYes
92%
Which countries are from Asia?GuyanaNo
92%
Which countries are from Europe?GuyanaNo
92%
Which countries are from Africa?GuyanaNo
92%
Which countries are from Africa?IsraelNo
92%
Which countries are from Europe?IsraelNo
92%
Which countries are from Asia?IsraelYes
92%
Which countries are from South America?IsraelNo
92%
Which countries are from Asia?MalawiNo
92%
Which countries are from Europe?MalawiNo
92%
Which countries are from South America?MalawiNo
92%
Which countries are from Africa?MaltaNo
92%
Which countries are from South America?MaltaNo
92%
Which countries are from Europe?MaltaYes
92%
Which countries are from Asia?MaltaNo
92%
Which countries are from South America?MauritiusNo
92%
Which countries are from Europe?MauritiusNo
92%
Which countries are from Asia?MauritiusNo
92%
Which countries are from Asia?MicronesiaNo
92%
Which countries are from Africa?MicronesiaNo
92%
Which countries are from South America?MicronesiaNo
92%
Which countries are from Europe?MicronesiaNo
92%
Which countries are from Africa?MonacoNo
92%
Which countries are from Asia?MonacoNo
92%
Which countries are from South America?MonacoNo
92%
Which countries are from Europe?MonacoYes
92%
Which countries are from Europe?Papua New GuineaNo
92%
Which countries are from South America?Papua New GuineaNo
92%
Which countries are from Asia?Papua New GuineaNo
92%
Which countries are from Africa?Papua New GuineaNo
92%
Which countries are from Europe?Saint LuciaNo
92%
Which countries are from Africa?Saint LuciaNo
92%
Which countries are from South America?Saint LuciaNo
92%
Which countries are from Asia?Saint LuciaNo
92%
Which countries are from South America?San MarinoNo
92%
Which countries are from Africa?San MarinoNo
92%
Which countries are from Asia?San MarinoNo
92%
Which countries are from Europe?SeychellesNo
92%
Which countries are from Asia?SeychellesNo
92%
Which countries are from South America?SeychellesNo
92%
Which countries are from North America?SurinameNo
92%
Which countries are from Africa?SurinameNo
92%
Which countries are from Asia?SurinameNo
92%
Which countries are from Europe?SurinameNo
92%
Which countries are from Africa?TongaNo
92%
Which countries are from Europe?TongaNo
92%
Which countries are from South America?TongaNo
92%
Which countries are from Asia?TongaNo
92%
Which countries are from Africa?Trinidad and TobagoNo
92%
Which countries are from Europe?Trinidad and TobagoNo
92%
Which countries are from North America?Trinidad and TobagoYes
92%
Which countries are from South America?Trinidad and TobagoNo
92%
Which countries are from Asia?Trinidad and TobagoNo
92%
Which countries are from Africa?TurkeyNo
92%
Which countries are from South America?TurkeyNo
92%
Which countries are from Asia?UruguayNo
92%
Which countries are from North America?UruguayNo
92%
Which countries are from Europe?UruguayNo
92%
Which countries are from Africa?UruguayNo
92%
Which countries are from Oceania?AndorraNo
83%
Which countries are from Europe?AndorraYes
83%
Which countries are from Oceania?ArmeniaNo
83%
Which countries are from Oceania?AzerbaijanNo
83%
Which countries are from Europe?AzerbaijanNo
83%
Which countries are from Asia?AzerbaijanYes
83%
Which countries are from Oceania?BelizeNo
83%
Which countries are from South America?BoliviaYes
83%
Which countries are from Oceania?BoliviaNo
83%
Which countries are from Africa?ComorosYes
83%
Which countries are from Oceania?ComorosNo
83%
Which countries are from Oceania?EgyptNo
83%
Which countries are from Asia?EgyptNo
83%
Which countries are from Europe?GeorgiaNo
83%
Which countries are from Asia?GeorgiaYes
83%
Which countries are from Oceania?GeorgiaNo
83%
Which countries are from Oceania?GuatemalaNo
83%
Which countries are from South America?GuatemalaNo
83%
Which countries are from Oceania?GuyanaNo
83%
Which countries are from North America?GuyanaNo
83%
Which countries are from South America?GuyanaYes
83%
Which countries are from Oceania?IsraelNo
83%
Which countries are from Africa?MalawiYes
83%
Which countries are from Oceania?MalawiNo
83%
Which countries are from Oceania?MaltaNo
83%
Which countries are from Africa?MauritiusYes
83%
Which countries are from Oceania?MauritiusNo
83%
Which countries are from Oceania?MonacoNo
83%
Which countries are from Oceania?Papua New GuineaYes
83%
Which countries are from Oceania?Saint LuciaNo
83%
Which countries are from Oceania?San MarinoNo
83%
Which countries are from Europe?San MarinoYes
83%
Which countries are from Africa?SeychellesYes
83%
Which countries are from Oceania?SeychellesNo
83%
Which countries are from Oceania?SurinameNo
83%
Which countries are from South America?SurinameYes
83%
Which countries are from Oceania?Trinidad and TobagoNo
83%
Which countries are from Oceania?TurkeyNo
83%
Which countries are from Asia?TurkeyYes
83%
Which countries are from South America?UruguayYes
83%
Which countries are from Oceania?UruguayNo
83%
Which countries are from Europe?ArmeniaNo
75%
Which countries are from Asia?ArmeniaYes
75%
Which countries are from Oceania?MicronesiaYes
75%
Which countries are from Oceania?TongaYes
75%
Which countries are from Europe?TurkeyNo
75%

Score Distribution

Percentile by Number Answered

Percent of People with Each Score

Your Score History

You have not taken this quiz